| 000 | 01602cam a2200373 a 4500 | ||
|---|---|---|---|
| 999 |
_c529738 _d529738 |
||
| 001 | 12472393 | ||
| 003 | NUST | ||
| 005 | 20191002130104.0 | ||
| 008 | 010716s2000 dcu bt 000 0 eng d | ||
| 010 | _a 00134417 | ||
| 020 | _a0309068703 | ||
| 035 | _a(OCoLC)ocm45369754 | ||
| 038 | _aMSOHAIL | ||
| 040 |
_aTRL _cTRL _dDAY _dDLC |
||
| 042 | _alccopycat | ||
| 050 | 0 | 0 |
_aTE153 _b.H43 2000 |
| 082 | 0 | 0 |
_a388.10285 _222 |
| 100 | 1 |
_aHeanue, Kevin E. _922410 |
|
| 245 | 1 | 0 |
_aData sharing and data partnerships for highways : _ba synthesis of highway practice / _cKevin E. Heanue. |
| 260 |
_aWashington, D.C. : _bNational Academy Press, _c2000. |
||
| 300 |
_a31 p. ; _c28 cm. |
||
| 490 | 1 |
_aNCHRP synthesis, _x0547-5570 ; _v288 |
|
| 500 | _aAt head of title: National Cooperative Highway Research Program. | ||
| 500 | _a"Research sponsored by the American Association of State Highway and Transportation Officials in cooperation with the Federal Highway Administration." | ||
| 504 | _aIncludes bibliographical references (p. 26-30). | ||
| 650 | 0 |
_aHighway planning _zUnited States _xData processing. _922411 |
|
| 710 | 2 |
_aNational Cooperative Highway Research Program. _920864 |
|
| 710 | 2 |
_aNational Research Council (U.S.). _bTransportation Research Board. _922412 |
|
| 710 | 2 |
_aAmerican Association of State Highway and Transportation Officials. _919553 |
|
| 830 | 0 |
_aSynthesis of highway practice ; _v288. _922413 |
|
| 906 |
_a7 _bcbc _ccopycat _d2 _encip _f20 _gy-gencatlg |
||
| 942 |
_2ddc _cBK |
||